Intellectual Property for the 21st Century Interdisciplinary Approaches /

Detalles Bibliográficos
Autor principal: Scassa, Teresa
Otros Autores: Goudreau, Mistrale, Doagoo, Courtney, Saginur, Madelaine
Formato: eBook
Lenguaje:inglés
Publicado: Toronto: Irwin Law Inc., 2014
Materias:
Acceso en línea:Acceso restringido

MARC

LEADER 00000nam a22000007a 4500
005 20210810235736.0
007 cr|||| ||||
008 210810s2014 ca |||||s|||| 00||0 eng d
020 |a 978-1-55221-354-4 
035 |a 34938 
040 |a vLex 
090 |c 11970  |d 11970 
100 1 |a Scassa, Teresa 
245 1 0 |a Intellectual Property for the 21st Century  |h [Recurso electrn̤ico] :  |b Interdisciplinary Approaches /  |c Teresa Scassa, Mistrale Goudreau, Courtney Doagoo, Madelaine Saginur 
256 |a Servicio en ln̕ea 
260 |a Toronto:  |b Irwin Law Inc.,  |c 2014 
300 |a 1 recurso electrn̤ico 
506 1 |a Disponible solo en los productos indicados  |d vLex Global  |d vLex Global (Academic Edition, excluding Law Schools)  |d vLex Global (U.S. Academic Edition, Law Schools)  |d vLex Global (U.S. Academic Edition, excluding Law Schools)  |d vLex Global (Academic Edition, Law Schools) 
650 0 4 |a Derecho Mercantil y de la Empresa  |z Canad̀ 
700 1 |a Goudreau, Mistrale 
700 1 |a Doagoo, Courtney 
700 1 |a Saginur, Madelaine 
740 0 |a vLex Libros (Servicio en ln̕ea) 
856 4 0 |u https://app.vlex.com/#/sources/34938  |z Acceso restringido 
942 |c BOOK 
999 0 |a Commercial and Company Law